Geography Click Chain #8 - Statistics

General Stats
  • This quiz has been taken 67 times
  • The average score is 5 of 5
Answer Stats
Hint Answer % Correct
Which is the capital of… Ghana
100%
Which is home to the landmark… Independence Square
95%
The largest city in Montenegro is… Podgorica
95%
Whose third largest city is… Tamale
92%
Which is also a landmark in the African city… Accra
82%
No matching quizzes found
Score Distribution
Percent of People with Each Score
Percentile by Number Answered
Your Score History
You have not taken this quiz